banner-ar

شاترتون: مأساه من ثلاثة فصول / (Record no. 38220)

MARC details
000 -الفاتح
حقل البيانات ثابتة الطول 00663nam a2200205Ia 4500
008 - عناصر البيانات ثابتة الطول - معلومات عامة
حقل البيانات ثابتة الطول 140319s9999 xx 000 0 ara d
040 ## - مصدر الفهرسة
وكالة الفهرسة الأصلية GCL /
وكالة النسخ GCL
082 04 - رقم تصنيف ديوى العشرى
رقم التصنيف 842
رقم المادة د ش
100 1# - المدخل الرئيسى - إسم شخصى
الإسم الشخصى ديفينى، الفريد
245 10 - بيان العنوان
العنوان شاترتون: مأساه من ثلاثة فصول /
بيان المسئوليه,etc ديفينى، الفريد
700 1# - المدخل الاضافى - اسم شخصى
الإسم الشخصى حسن نديم (مترجم)
700 1# - المدخل الاضافى - اسم شخصى
الإسم الشخصى عبدالحميد الدواخلى
300 ## - الوصف المادى
التعداد 144 ص
490 ## - بيان السلسلة
عنوان السلسلة روائع المسرح العالمى
رقم المجلد/ التعيين التسلسلي 0
650 04 - المدخل الاضافى بالموضوع-مصطلح موضوعى
مصطلح موضوعي المسرح الفرنسى
650 04 - المدخل الاضافى بالموضوع-مصطلح موضوعى
مصطلح موضوعي الادب الفرنسى
650 04 - المدخل الاضافى بالموضوع-مصطلح موضوعى
مصطلح موضوعي المسرحيات الفرنسية
942 ## - عناصر المدخل الإضافي( كوها)
مصدر التصنيف او مخطط الترفيف Dewey Decimal Classification
Koha [default] item type كتاب
Holdings
حالة التراجع حالة الفقد حالة تلف ليس للاعارة المكان المؤقت الموقع الحالى تاريخ الاكتساب اجمالي اﻻعارات رقم الطلب الباركود تاريخ اخر مشاهدة تاريخ تفعيل السعر نوع وعاء كوها
        مكتبة القاهرة الكبرى مكتبة القاهرة الكبرى 03/26/2014   842\د ش 93290 03/26/2014 03/26/2014 كتاب

Powered By

EGPV